'E' Game Quiz Stats

 Plays Quiz Updated Jul 2, 2018

Score 0/32 Timer 05:00
4 Plays Today
Thing % Correct
Ear
94.7%
Europe
93.8%
Eye
88.1%
English
83.1%
Envy
71.6%
Ethiopia
70.8%
Philadelphia Eagles
70.6%
Edward I-VIII
68.1%
Elizabeth I-II
64%
Ecuador
63.3%
Emerald
61.5%
Dwight D. Eisenhower
61.1%
Estonia
60.4%
Egypt
58.8%
Epsilon
56.9%
Eritrea
47.4%
Thing % Correct
Eta
47.3%
Exodus
43.3%
El Salvador
39.9%
Everton
39.8%
Endeavour
37.8%
Einsteinium
31.3%
Esther
29.8%
Ezekiel
28.1%
Equatorial Guinea
27.9%
Ecclesiastes
26.7%
Ezra
26.3%
eSwatini
25.7%
Ephesians
24.6%
Europium
19.3%
Sir Anthony Eden
15.7%
Erbium
13.4%

You're not logged in!

Compare scores with friends on all Sporcle quizzes.
OR
Log In

Show Comments

Extras

Top Quizzes Today


Score Distribution

Your Account Isn't Verified!

In order to create a playlist on Sporcle, you need to verify the email address you used during registration. Go to your Sporcle Settings to finish the process.

Report this User

Report this user for behavior that violates our Community Guidelines.

Details: